000 00791cam a2200241 a 4500
001 000018175
005 20200929165403.0
008 790926s1969 sp 001 f spa d
035 _a(DLC)a 62001258
040 _aDO-SdBNP
_cDLC
_dDLC
082 _a863.64
_bB465n
100 1 _aBenet, Juan
_d1927-1993
_915054
245 1 0 _aNunca llegarás a nada /
_cJuan Benet Goitia.
260 _aMadrid :
_bAlianza,
_c1969.
300 _a209 p. ;
_c21 cm.
490 1 _aEl libro de bolsillo
_aLiteratura
_v189
505 0 _aNunca llegarás a nada -- Baalbec, una mancha -- Duelo -- Después.
650 4 _aNovela española
_91123
650 4 _aLiteratura española
_ySIGLO XX
_93326
830 0 _aEl libro de bolsillo ;
_pliteratura
_v189
_939386
910 _aCatalogación derivada
049 _aBNGR
999 _c17696
_d17696